000 01174nam0a22002291 4500
001 rc\2734770
005 20260406160135.0
035 _a(NLR Aleph) 006862099
090 _a6858418
_c6858418
100 _a20110915d1937 |||y0rusy50 ca
101 0 _arus
102 _aRU
105 _aa z |||||
200 1 _aИнструкция по уходу за газогенераторной установкой НАТИ-Г14 на автомобиле ГАЗ-аа
_fНаркомтяжпром. ГУТАП. Науч.-эксперимент. и проектный ин-т автотракт. пром-сти НАТИ
210 _aМосква
_aЛенинград
_cНаркомтяжпром. Гос. контора справочников и каталогов
_d1937
_e[Москва]
_gтип. Профиздата
215 _aОбл., 29, [2] с.
_cил.
_d22х14 см.
712 0 2 _aНаучно-исследовательский и экспериментальный автотракторный институт
_cМосква
_3RU\NLR\AUTH\889931475
_9358381
801 0 _aRU
_bNLR
_gpsbo
801 1 _aRU
_bELAR
_2rusmarc
852 _aNLR
_j37-11/151
942 _cBOOK
980 _aNB